¡Ciber-conciénciate! (Registro nro. 13114)
[ vista simple ]
| 000 -Cabecera | |
|---|---|
| Campo de control de longitud fija | 00714ntm a22002777a 4500 |
| 005 - Fecha y hora de la última transacción | |
| Campo de control | 20260422184434.0 |
| 008 - Elementos de longitud fija--Información general | |
| Campo de control de longitud fija | 210813b2020 xxu||||| |||| 00| 0 spa d |
| 020 ## - International Standard Book Number | |
| Número Internacional Estándar del Libro (ISBN) | 9781651907566 |
| 041 ## - Idioma | |
| Código de idioma | Español |
| 082 ## - Clasificación Decimal Dewey | |
| Número de clasificación | 005.8 R696c |
| 100 ## - Entrada principal--Autor personal | |
| Nombre personal | Rodríguez Tolmo, Nicolas |
| 9 (RLIN) | 60969 |
| 245 ## - Título propiamente dicho | |
| Título | ¡Ciber-conciénciate! |
| 260 ## - Pie de imprenta | |
| Fecha de publicación, distribución, etc. | 2020 |
| 300 ## - Descripción física | |
| Extensión | 272 páginas |
| 490 ## - Serie | |
| Título de la Serie | Investigación Criminal |
| 650 ## - Materia general | |
| Temática (materia general) | CIBERSEGURIDAD |
| 650 ## - Materia general | |
| Temática (materia general) | CIBERESPIONAJE |
| 650 ## - Materia general | |
| Temática (materia general) | DELITOS INFORMÁTICOS |
| 650 ## - Materia general | |
| Temática (materia general) | DISPOSITOS MÓVILES |
| 650 ## - Materia general | |
| Temática (materia general) | SEGURIDAD INFORMÁTICA |
| 650 ## - Materia general | |
| Temática (materia general) | CRIPTOMONEDAS |
| 650 ## - Materia general | |
| Temática (materia general) | BLOCKCHAIN |
| 650 ## - Materia general | |
| Temática (materia general) | BIG DATA |
| 650 ## - Materia general | |
| Temática (materia general) | INTELIGENCIA ARTIFICIAL |
| 942 ## - Punto de acceso adicional KOHA | |
| Tipo de ítem KOHA | Libro |
| Fuente del sistema de clasificación o colocación | Dewey Decimal Classification |
| Signatura completa | Código de barras | Programa Académico | Tipo de ítem |
|---|---|---|---|
| 005.8 R696c | 25363 | Investigación Criminal | Libro |